Welcome to CU Library Online Public Access Catalogue (OPAC)

Writs : (Record no. 950)

MARC details
000 -LEADER
fixed length control field 00639cam a22002294a 4500
001 - CONTROL NUMBER
control field 16043393
005 - DATE AND TIME OF LATEST TRANSACTION
control field 20241108210503.0
008 - FIXED-LENGTH DATA ELEMENTS--GENERAL INFORMATION
fixed length control field 090926s2009 ii 001 0 eng d
020 ## - INTERNATIONAL STANDARD BOOK NUMBER
International Standard Book Number 9788171772216
050 00 - LIBRARY OF CONGRESS CALL NUMBER
Classification number KNS3710
Item number .M35 2009
082 04 - DEWEY DECIMAL CLASSIFICATION NUMBER
Classification number 347.54077
Edition information 22
100 1# - MAIN ENTRY--PERSONAL NAME
Personal name Mallick, M. R.,
Dates associated with a name 1930-
245 10 - TITLE STATEMENT
Title Writs :
Remainder of title law & practice /
Statement of responsibility, etc. by M. R. Mallick.
250 ## - EDITION STATEMENT
Edition statement 2nd ed.
260 ## - PUBLICATION, DISTRIBUTION, ETC.
Place of publication, distribution, etc. Kolkata :
Name of publisher, distributor, etc. Eastern Law House,
Date of publication, distribution, etc. 2009.
300 ## - PHYSICAL DESCRIPTION
Extent 167, 1138 p. ;
Dimensions 25 cm.
500 ## - GENERAL NOTE
General note Includes index.
650 #0 - SUBJECT ADDED ENTRY--TOPICAL TERM
Topical term or geographic name entry element Extraordinary remedies
Geographic subdivision India.
650 #0 - SUBJECT ADDED ENTRY--TOPICAL TERM
Topical term or geographic name entry element Writs
Geographic subdivision India.
650 #0 - SUBJECT ADDED ENTRY--TOPICAL TERM
Topical term or geographic name entry element Habeas corpus
Geographic subdivision India.
942 ## - ADDED ENTRY ELEMENTS (KOHA)
Source of classification or shelving scheme Library of Congress Classification
Koha item type Books
Suppress in OPAC No
999 ## -
-- 950
-- 950
Holdings
Withdrawn status Lost status Source of classification or shelving scheme Damaged status Not for loan Collection Home library Current library Shelving location Date acquired Total checkouts Full call number Barcode Date last seen Copy number Price effective from Koha item type
    Library of Congress Classification     Non-fiction Law Library (Christ Temple) Law Library (Christ Temple) General stacks 01/17/2025   KNS3710.M35 MAL LLCT00000193 01/17/2025 2 01/17/2025 Books
    Library of Congress Classification     Non-fiction Law Library (Christ Temple) Law Library (Christ Temple) General stacks 01/17/2025   KNS3710.M35 MAL LLCT00000194 01/17/2025 3 01/17/2025 Books
    Library of Congress Classification     Non-fiction Law Library (Miotso) Law Library (Miotso) General stacks 11/08/2024   KNS1220.L32 MAL LLM00000772 11/08/2024 1 11/08/2024 Books
© 2023-2024 Copyright: Central University Libraries. All Rights Reserved | Created by: Mahone Tech Office